Daftar kata Bahasa Melayu : (Record no. 50001)

MARC details
000 -LEADER
fixed length control field 00803nam a2200265 i 4500
001 - CONTROL NUMBER
control field C2-0233511
003 - CONTROL NUMBER IDENTIFIER
control field PPAK
005 - DATE AND TIME OF LATEST TRANSACTION
control field 20180727194306.0
008 - FIXED-LENGTH DATA ELEMENTS--GENERAL INFORMATION
fixed length control field 010528s2001 my |||| ||||| | may d
020 ## - INTERNATIONAL STANDARD BOOK NUMBER
International Standard Book Number 983624672X
040 ## - CATALOGING SOURCE
Original cataloging agency PPAK
Language of cataloging eng
Transcribing agency PPAK
Description conventions rda
082 04 - DEWEY DECIMAL CLASSIFICATION NUMBER
Classification number 499.238103
Edition number 23
090 00 - LOCALLY ASSIGNED LC-TYPE CALL NUMBER (OCLC); LOCAL CALL NUMBER (RLIN)
Classification number (OCLC) (R) ; Classification number, CALL (RLIN) (NR) 499.238103
Feature heading DAF
Feature heading KMI
Classification number (OCLC) (R) ; Classification number, CALL (RLIN) (NR) 499.238103
Feature heading DAF
Feature heading R
245 00 - TITLE STATEMENT
Title Daftar kata Bahasa Melayu :
Remainder of title rumi - sebutan - jawi (Jilid 1 A-K)
264 #1 - PRODUCTION, PUBLICATION, DISTRIBUTION, MANUFACTURE, AND COPYRIGHT NOTICE
Place of production, publication, distribution, manufacture Kuala Lumpur :
Name of producer, publisher, distributor, manufacturer Dewan Bahasa dan Pustaka ,
Date of production, publication, distribution, manufacture, or copyright notice 2001
300 ## - PHYSICAL DESCRIPTION
Extent xi, 838 pages ;
Dimensions 24 cm
336 ## - CONTENT TYPE
Source rdacontent
Content type term text
337 ## - MEDIA TYPE
Source rdamedia
Media type term unmediated
338 ## - CARRIER TYPE
Source rdacarrier
Carrier type term volume
500 ## - GENERAL NOTE
General note Jilid 1
650 10 - SUBJECT ADDED ENTRY--TOPICAL TERM
Topical term or geographic name entry element Malay language - Dictionaries.
700 0# - ADDED ENTRY--PERSONAL NAME
Personal name Ismail bin Dahaman ; Manshoor bin Haji Ahmad,
Relator term compile
942 ## - ADDED ENTRY ELEMENTS (KOHA)
-- dc
Koha item type Book
Holdings
Withdrawn Not for loan Current library Shelving location Date acquired Full call number Barcode Date last seen Koha item type
  Not For Loan Perpustakaan Alor Setar Rujukan Dewasa 09/07/2001 R 499.238103 DAF A00966238 08/05/2018 Book
  Not For Loan Perpustakaan Alor Setar Koleksi Prof. Dr. Muhammad Isa Othman 30/05/2011 KMI 499.238103 DAF A00383999 08/05/2018 Book
  Not For Loan Perpustakaan Baling Rujukan Dewasa 23/08/2003 R 499.238103 DAF A00807593 08/05/2018 Book
  Not For Loan Perpustakaan Jitra Rujukan Dewasa 09/07/2001 R 499.238103 DAF A00966240 08/05/2018 Book
  Not For Loan Perpustakaan Kulim Rujukan Dewasa 09/07/2001 R 499.238103 DAF A00966242 08/05/2018 Book
  Not For Loan Perpustakaan Langkawi Rujukan Dewasa 09/07/2001 R 499.238103 DAF A00966241 08/05/2018 Book
  Not For Loan Perpustakaan Merbok Rujukan Dewasa 21/05/2009 R 499.238103 DAF A01297543 08/05/2018 Book
  Not For Loan Perpustakaan Merbok Rujukan Dewasa 21/05/2009 R 499.238103 DAF A01297544 08/05/2018 Book
  Not For Loan Perpustakaan Pendang Rujukan Dewasa 06/10/2008 R 499.238103 DAF A01256778 08/05/2018 Book
  Not For Loan Perpustakaan Sik Rujukan Dewasa 23/08/2003 R 499.238103 DAF A00807594 08/05/2018 Book
  Not For Loan PD04, Kg. Bukit Nambua, Kuala Nerang Rujukan Dewasa 07/06/2006 R 499.238103 DAF A01117722 08/05/2018 Book